| 000 | 01014nam a22002417a 4500 | ||
|---|---|---|---|
| 005 | 20170522100329.0 | ||
| 008 | 170522b mx ||||| |||| 00| 0 spa d | ||
| 020 | _a9786074013245 (obra completa) | ||
| 020 | _a9786074013252 (vol. 1) | ||
| 020 | _a9786074013269 (vol. 2) | ||
| 050 | 0 | 4 |
_aF1234 _bM33 2010 |
| 100 | 1 |
_aMadero, Francisco I. _d1873-1913 _q Francisco Ignacio Madero González |
|
| 245 | 1 | 3 |
_aLa sucesión presidencial en 1910 _c / Francisco I. Madero |
| 250 |
_a1a ed. _bEdición facsimilar. |
||
| 260 |
_aMéxico : _bMiguel Ángel Porrúa : _bH. Cámara de Diputados, LXI legislatura, _c2010. |
||
| 300 |
_a2 V. , 2063 p. : _bil. ; _c29 cm. |
||
| 490 | 0 | _aLa historia | |
| 500 | _aEdición facsimilar Coahuila, 1908. | ||
| 600 | 1 | 0 |
_aDíaz, Porfirio _cPresidente de México _d1830-1915 _qJosé de la Cruz Porfirio |
| 650 | 7 |
_2lemb _aPresidentes _vFacsímiles _xElecciones _y1910 _zMéxico |
|
| 651 | 7 |
_2lemb _aMéxico _vFacsímiles _xHistoria _y Revolución, 1910-1920 |
|
| 942 |
_2lcc _cLIB |
||
| 999 |
_c133243 _d133243 |
||